LIBRARY & INFORMATION CENTRE, KCAET, TAVANUR

ONLINE PUBLIC ACCESS CATALOGUE (OPAC)

Aarynamarude kudiyettam, bhagam 3 (Record no. 17776)

MARC details
000 -LEADER
fixed length control field 00338nam a22001337a 4500
003 - CONTROL NUMBER IDENTIFIER
control field OSt
008 - FIXED-LENGTH DATA ELEMENTS--GENERAL INFORMATION
fixed length control field 231102b |||||||| |||| 00| 0 eng d
041 ## - LANGUAGE CODE
Language code of text/sound track or separate title eng
082 ## - DEWEY DECIMAL CLASSIFICATION NUMBER
Classification number 954.83
100 ## - MAIN ENTRY--AUTHOR NAME
Personal name Sankaran Nambudirippad
245 ## - TITLE STATEMENT
Title Aarynamarude kudiyettam, bhagam 3
260 ## - PUBLICATION, DISTRIBUTION, ETC. (IMPRINT)
Place of publication Kunnamkulam
Name of publisher Pnachamgam Book Depot
Year of publication 1966
942 ## - ADDED ENTRY ELEMENTS (KOHA)
Koha item type Books
Holdings
Withdrawn status Lost status Damaged status Home library Current library Date acquired Cost, normal purchase price Full call number Accession Number Koha item type
      KAUAET KAUAET 02/11/2023 2.25 954.83 9292 Books
free website counter